UBT Library

Introduction to parallel computing / (Record no. 41386)

000 -LEADER
fixed length control field 00743pam a2200229 a 4500
001 - CONTROL NUMBER
control field 2016201
005 - DATE AND TIME OF LATEST TRANSACTION
control field 20180131074229.0
008 - FIXED-LENGTH DATA ELEMENTS--GENERAL INFORMATION
fixed length control field 911114s1992 njua b 001 0 eng
010 ## - LIBRARY OF CONGRESS CONTROL NUMBER
LC control number 91039569
020 ## - INTERNATIONAL STANDARD BOOK NUMBER
International Standard Book Number 0134989244
040 ## - CATALOGING SOURCE
Original cataloging agency DLC
Transcribing agency DLC
Modifying agency DLC
041 ## - LANGUAGE CODE
Language code of text/sound track or separate title eng
080 ## - UNIVERSAL DECIMAL CLASSIFICATION NUMBER
Universal Decimal Classification number 004.35 lev
082 00 - DEWEY DECIMAL CLASSIFICATION NUMBER
Classification number 004.35 lev
Edition number 20
100 1# - Rafti
Rafti 28
101 ## - Shkurtesa
Shkurtesa shk
245 10 - TITLE STATEMENT
Title Introduction to parallel computing /
Statement of responsibility, etc Ted G. Lewis and Hesham El-Rewini, with In-Kyu Kim.
504 ## - BIBLIOGRAPHY, ETC. NOTE
Bibliography, etc Includes bibliographical references and index.
906 ## - LOCAL DATA ELEMENT F, LDF (RLIN)
a 7
b cbc
c orignew
d 1
e ocip
f 19
g y-gencatlg
942 ## - ADDED ENTRY ELEMENTS (KOHA)
Source of classification or shelving scheme
Item type Books
Holdings
Withdrawn status Lost status Source of classification or shelving scheme Damaged status Not for loan Collection code Permanent location Current location Shelving location Date acquired Total Checkouts Full call number Barcode Date last seen Price effective from Koha item type
          Koleksioni i përgjithshem UBT - Lipjan UBT - Lipjan Koleksioni i përgjithshem 01/31/2018   004.35 lev 002-2998043 01/31/2018 01/31/2018 Books
UBT Library © 2015-2024. All rights reserved University Education for Business and Technology